000 00412nam a2200157Ia 4500
003 GCL
008 140319s9999 xx 000 0 eng d
040 _aGCL /
_cGCL
082 0 4 _a620.8
_bC S
100 1 _aCORAN, JAMES
245 1 0 _aSAFETY ENGINEERING /
_cCORAN, JAMES
260 _a[S.N] :
_bA WILEY - INTERSCIENCE PUBLICATIONS ،
_c1994
300 _a233 P
650 0 4 _aINDUSTRIAL SAFETY
942 _2ddc
_cBK
999 _c23905
_d23905